000
003280000a22001450004500
020
_a
84-322-3805-8
041
0
_a
SPA
082
0
4
_a
G 864 P3481q
100
1
_a
Paz, Octavio (1914-)
245
1
0
_a
Puertas al campo / Octavio Paz
260
_a
Barcelona, EspaƱa : Seix Barral
300
_a
223 Pag
001
11157
942
_c
BK
999
_c
40523
_d
40523